| 000 | 01559cam a2200373 i 4500 | ||
|---|---|---|---|
| 001 | 58557 | ||
| 003 | CO-BoRNBP | ||
| 005 | 20250826204856.0 | ||
| 007 | ta | ||
| 008 | 240403s2023 ck a br 000 fdspa | ||
| 020 | _a9789583068096 | ||
| 040 |
_aCO-BoBN _bspa _erda _cCO-BoBN |
||
| 041 | 1 |
_aspa _hger |
|
| 043 | _ae-gw--- | ||
| 082 | 0 | 4 |
_a833.914 _223 |
| 100 | 1 |
_aMuser, Martin, _d1965-, _eautor |
|
| 245 | 1 | 0 |
_aUn caso para tándem : _bel canguro rojo : novela policíaca / _cMartin Muser ; ilustraciones de Tine Schulz ; traducción del alemán Luis Carlos Henao |
| 250 | _aPrimera edición | ||
| 264 | 1 |
_aBogotá : _bPanamericana Editorial, _c2023 |
|
| 300 |
_a138 páginas : _bilustraciones en blanco y negro ; _c21 cm |
||
| 336 |
_aTexto _btxt _2rdacontent |
||
| 337 |
_aSin mediación _bn _2rdamedia |
||
| 338 |
_aVolumen _bnc _2rdacarrier |
||
| 490 | 0 | _aPlan Nacional de Lectura, Escritura y Oralidad / Ministerio de Cultura | |
| 500 | _a"Edición especial. Colección de actualización bibliográfica para la Red Nacional de Bibliotecas Públicas del Ministerio de Cultura en el marco del Plan Nacional de Lectura, Escritura y Oralidad, 2023" | ||
| 500 | _aIncluye datos curriculares del autor | ||
| 521 | 1 | _aRecomendado para niños de 7 a 12 años | |
| 650 | 1 | 4 |
_aNovela policíaca alemana _ySiglo XXI _2LEMB _963497 |
| 650 | 2 | 4 |
_aCriminología _vNovela _2LEMB _963498 |
| 700 | 1 |
_aSchulz, Tine, _d1981-, _eilustrador _963499 |
|
| 700 | 1 |
_aHenao, Luis Carlos, _etraductor |
|
| 942 |
_2ddc _cBK |
||
| 990 |
_a2024-582 _bPanamericana Editorial Ltda. |
||
| 999 |
_c58557 _d58557 |
||